00326 a2200133 450000100060000002000180000604000240002410000180004824000410006624500360010730000090014336200090015265000310016147578 a9788538029472 cAnchieta - Aquarius aPanza, Sylvio10aA Natureza e outras históriaslpor10aA Natureza e outras histórias a32p.0 a2011 4aLiteratura infanto-juvenil